| 000 | 00459nam a2200157 a 4500 | ||
|---|---|---|---|
| 005 | 20230526063524.0 | ||
| 008 | 991125s1919 mx 000 0 spa u | ||
| 035 | _aUPN01000036276 | ||
| 049 | _aLT | ||
| 050 | 4 |
_aLB1633 M6 _bM36 |
|
| 245 | 0 | 0 |
_aManual al uso de las alumnas de la séptima clase / _cS.C |
| 260 |
_aMéxico : _bMurguía, _c1919. |
||
| 300 | _a382 p. | ||
| 650 | 4 |
_aEspañol _xGramática _xEstudio y enseñanza (Secundaria) _917028 |
|
| 905 | _aLibro | ||
| 999 |
_c36276 _d36276 |
||